|
|
|
|
| LEADER |
00000cam a2200000 a 4500 |
| 001 |
vtls010870022 |
| 003 |
SK-MaSNL |
| 005 |
20260311133316.0 |
| 008 |
240313s2015 gw a e n 000 0 eng |
| 015 |
|
|
|a SNBZSA2015
|
| 020 |
|
|
|a 9783838206660
|q (brož.)
|
| 035 |
|
|
|a A10C296F-54F3-4885-891E-4894D453D5B9
|
| 035 |
|
|
|a urn:nbn:sk:snk-amlcvl
|
| 035 |
|
|
|a urn:nbn:sk:snk-am0090an
|
| 040 |
|
|
|a SNK
|b slo
|c SNK
|e AACR2
|
| 041 |
0 |
|
|a eng
|b cze
|
| 043 |
|
|
|a a-cc---
|a e-cs---
|
| 044 |
|
|
|a gw
|c DE
|
| 072 |
|
7 |
|a 327
|x Medzinárodné vzťahy, svetová politika
|2 konspekt
|
| 072 |
|
7 |
|a 656.6/.7
|x Vodná a letecká doprava
|2 konspekt
|
| 080 |
|
|
|a 327.54
|2 2001
|
| 080 |
|
|
|a 656.61
|2 2001
|
| 080 |
|
|
|a 141.82
|2 2001
|
| 080 |
|
|
|a (510)
|2 2001
|
| 080 |
|
|
|a (437)
|2 2001
|
| 080 |
|
|
|a (048.8)
|2 2001
|
| 100 |
1 |
|
|a Krátká, Lenka,
|d 1969-
|4 aut
|9 162839
|
| 245 |
1 |
2 |
|a A history of the Czechoslovak Ocean Shipping Company, 1948-1989
|b How a Small, Landlocked Country Ran Maritime Business During the Cold War
|c Lenka Krátká
|
| 260 |
|
|
|a Stuttgart
|b Ibidem-Verlag
|c 2015
|
| 300 |
|
|
|a 271 s.
|b tab.
|c 21 cm
|
| 490 |
1 |
|
|a Soviet and Post-Soviet politics and society ;
|v 146
|
| 504 |
|
|
|a Zozn. archívnych prameňov a rozhovorov
|
| 546 |
|
|
|a Res. angl.
|
| 648 |
|
7 |
|a 1948-1989
|2 SNKPH
|9 302537
|
| 650 |
0 |
7 |
|a studená vojna (1945-1989)
|2 SNKPH
|9 4805
|
| 650 |
0 |
7 |
|a námorníctvo
|2 SNKPH
|9 29938
|
| 650 |
0 |
7 |
|a komunizmus
|2 SNKPH
|9 2152
|
| 650 |
0 |
7 |
|a Cold war (1945-1989)
|2 SNKPHeng
|9 113098
|
| 650 |
0 |
7 |
|a Navy
|2 SNKPHeng
|9 548416
|
| 650 |
0 |
7 |
|a Communism
|2 SNKPHeng
|9 285502
|
| 651 |
|
7 |
|a Čína
|2 SNKPH
|9 21369
|
| 651 |
|
7 |
|a Československo
|2 SNKPH
|9 21376
|
| 651 |
|
7 |
|a China
|2 SNKPHeng
|9 104406
|
| 651 |
|
7 |
|a Czechoslovakia
|2 SNKPHeng
|9 265183
|
| 655 |
|
7 |
|a štúdie
|2 SNKPH
|9 57033
|
| 655 |
|
7 |
|a Studies
|2 SNKPHeng
|9 265573
|
| 830 |
|
0 |
|a Soviet and Post-Soviet politics and society
|9 362634
|
| 919 |
|
|
|a 978-3-8382-0666-0
|
| 958 |
|
|
|a ZS
|
| 958 |
|
|
|a CZ
|
| 958 |
|
|
|a NB
|
| 958 |
|
|
|a RU
|
| 999 |
|
|
|c 843039
|d 844969
|
| 952 |
|
|
|a SNK
|b SNK
|y PREZ
|7 0
|p 17A1079826
|o snkSC 166669
|i snk2015/28843
|8 2
|g 17.00
|0 0
|1 0
|4 0
|d 2015-09-22
|f 1
|l 0
|r 2026-02-24 04:17:17
|w 2026-02-24
|
| 952 |
|
|
|a SNK
|b SNK
|y VYP
|7 0
|p 17A1125112
|o snkSC 166669 D1
|i snk2016/17950
|8 3
|g 38.80
|0 0
|1 0
|4 0
|d 2016-07-27
|l 0
|r 2026-02-24 04:17:17
|w 2026-02-24
|